| 000 | 00663nam a2200241Ia 4500 | ||
|---|---|---|---|
| 003 | OSt | ||
| 005 | 20220918183411.0 | ||
| 006 | a|||||r|||| 00| 0 | ||
| 007 | ta | ||
| 008 | 220917b |||||||| |||| 00| 0 eng d | ||
| 024 | _a37,804 | ||
| 037 | _cTextual | ||
| 040 |
_aARTS _cARTS _beng |
||
| 041 |
_2eng _aeng |
||
| 082 | _aO113,2L49,3, 111K5 | ||
| 100 | _aGoethe J W V | ||
| 245 | 0 | _aIronhand adapted by John Arden from Geetz Von Berlichingen | |
| 260 |
_aLondon _bMethuen UK _c1965 |
||
| 300 |
_a155p. _ccm. |
||
| 650 | _aENGLISH LITERATURE | ||
| 942 |
_hO113,2L49,3, 111K5 _cTEXL _2CC |
||
| 999 |
_c172527 _d172527 |
||